00810nam a2200217Ia 4500003000900000008004100009020001800050040001600068080002200084110003700106111005400143245014500197260004200342300001400384490005000398650004100448650002400489650001900513700002300532710003700555IN-BaIIA211028s9999 xx 000 0 eng d a90-277-0203-9 cIIA Library a52(082.1)bASS-31 aInternational Astronomical Union aInternational Astronomical Union Colloquiumn10th 0aGravitational N-body problembprocedings of the IAU colloquium no. 10, held in Cambridge, England, August 12-15, 1970cedited by Myron Lecar aDordrechtbD. Reidel Publishingc1972 aix, 441p. aAstrophysics and space science library; v. 31 aAstronomy and astrophysics thesaurus aCelestial mechanics aN-Body problem aLecar, Myron., ed. aInternational Astronomical Union